[Event "FRA-ch U12 Girls"]
[Site "Agen"]
[Date "2024.04.16"]
[Round "4"]
[White "Suroy, Emma"]
[Black "Le Floch, Alexia"]
[Result "0-1"]
[WhiteElo "1512"]
[BlackElo "1641"]
[PlyCount "66"]
[EventDate "2024.04.14"]
[EventType "swiss"]
[EventRounds "9"]
[EventCountry "FRA"]
[SourceTitle "EXT 2025"]
[Source "ChessBase"]
[SourceDate "2024.10.14"]
[SourceVersion "1"]
[SourceVersionDate "2024.10.14"]
[SourceQuality "1"]

1. e4 c5 2. Nf3 d6 3. Bc4 Nf6 4. d3 e6 5. 0-0 Be7 6. Nc3 0-0 7. e5 dxe5 8. Nxe5 Qc7 9. Re1 a6 10. a4 b6 11. Bf4 Bd6 12. Bb3 Nc6 13. Qe2 Bb7 14. Nxc6 Qxc6 15. Ne4 Nxe4 16. Qxe4 Bxf4 17. Qxc6 Bxc6 18. c4 b5 19. cxb5 axb5 20. axb5 Bxb5 21. Rad1 Rfd8 22. Bc2 Ra2 23. Ra1 Rxb2 24. Bb1 g6 25. Rd1 c4 26. d4 c3 27. g3 Bd2 28. Be4 Rxd4 29. Bb1 Be2 30. Rxd2 cxd2 31. Ba2 Rxa2 32. Rxa2 d1Q+ 33. Kg2 Qf1# 0-1